Movies Quiz

Random Movies Quiz

Fictional Substances in Movies Quiz Stats

Quiz not verified by Sporcle

Challenge
Share
Tweet
Embed
Score 0/16 Timer 06:00
0 Plays Today
Substance Movie % Correct
AdamantiumX-Men, Wolverine
72.7%
Liquid SchwartzSpaceballs
70%
UnobtaniumAvatar (also The Core)
64.3%
CarboniteStar Wars Episode V: The Empire Strikes Back
59%
StarkiumIron Man 2
59%
IocaneThe Princess Bride
51.5%
MithrrilLord of the Rings Trilogy
50.7%
Midi-ChlorianStar Wars Episode I: The Phantom Menace
44.9%
Substance Movie % Correct
QuantoniumMonsters vs. Aliens
43.2%
EnergonTransformers: Revenge of the Fallen
34.4%
Transparent AluminumStar Trek IV: The Voyage Home
27.8%
TurbidiumTotal Recall
25.6%
ProvasicThe Fugitive
22.9%
EphemerolScanners
22.5%
NukeRoboCop 2
21.1%
ClarityMinority Report
15.9%

You're not logged in!

Compare scores with friends on all Sporcle quizzes.
Join for Free
OR
Log In

You Might Also Like...

Show Comments

Extras

Created Mar 21, 2011SourceReportNominate
Tags:substance

Top Quizzes Today


Score Distribution

Your Account Isn't Verified!

In order to create a playlist on Sporcle, you need to verify the email address you used during registration. Go to your Sporcle Settings to finish the process.

Report this User

Report this user for behavior that violates our Community Guidelines.

Details: